Fr. Conceicao Rodrigues College of Engineering

Structural Steel Work (Record no. 33428)

MARC details
000 -LEADER
fixed length control field 00290nam a2200133Ia 4500
082 ## - DEWEY DECIMAL CLASSIFICATION NUMBER
Classification number 624.1
Item number Rey/Ken
100 ## - MAIN ENTRY--PERSONAL NAME
Personal name Reynolds T J
245 ## - TITLE STATEMENT
Title Structural Steel Work
260 ## - PUBLICATION, DISTRIBUTION, ETC.
Name of publisher, distributor, etc. English Universities Press
546 ## - LANGUAGE NOTE
Language note ENGLISH
654 ## - SUBJECT ADDED ENTRY--FACETED TOPICAL TERMS
Focus term Structural Work
942 ## - ADDED ENTRY ELEMENTS (KOHA)
Koha item type BOOK
Holdings
Withdrawn status Lost status Damaged status Not for loan Collection Home library Current library Shelving location Date acquired Total Checkouts Full call number Barcode Date last seen Price effective from Koha item type
        AFT Fr. Agnel's C.Rodrigues College of Engineering Fr. Agnel's C.Rodrigues College of Engineering   17/03/2023   624.1 Rey/Ken AFT3829 17/03/2023 17/03/2023 BOOK